| 000 | 00464nam a22001697a 4500 | ||
|---|---|---|---|
| 003 | CEME | ||
| 005 | 20210628201744.0 | ||
| 008 | 210216b xxu||||| |||| 00| 0 eng d | ||
| 020 | _a0-07-046617-3 | ||
| 040 | _c. | ||
| 082 | _a620.112 NAS | ||
| 100 |
_aNash, William.A _940864 |
||
| 245 | _aTheory and problems of strength of materials | ||
| 260 |
_aNEW YORK _bMCGRAW HILL _c1998 |
||
| 650 |
_aSTRENGTH OF MATERIALS-PROBLEMS EXCERCIES _956676 |
||
| 942 |
_cBK _2ddc |
||
| 999 |
_c567047 _d567047 |
||